| 000 | 00407nam a2200145 i 4500 | ||
|---|---|---|---|
| 001 | 45464 | ||
| 003 | ES-MaACL | ||
| 007 | t| | ||
| 008 | 030326s1983 sp ||||1| spa d | ||
| 100 | 1 |
_aColl Morales, Julio. _939628 |
|
| 245 | 1 | 0 |
_aAcuicultura marina animal / _cJulio Coll Morales. |
| 260 |
_aMadrid : _bMundi-Prensa, _c1983. |
||
| 300 |
_a670 p. : _bil. ; _c24 cm. |
||
| 852 |
_aES-MaACL _jL-4786 _bR.105113 |
||
| 999 |
_c45464 _d45464 |
||